[Event "VIE-ch (Women)"]
[Site "Hanoi"]
[Date "2024.03.11"]
[Round "1"]
[White "Nguyen, My Hanh An"]
[Black "Nguyen, Anh Bao Thy"]
[Result "1-0"]
[WhiteElo "1938"]
[BlackElo "1687"]
[PlyCount "85"]
[EventDate "2024.03.11"]
[EventType "swiss"]
[EventRounds "9"]
[EventCountry "VIE"]
[SourceTitle "CBM 219 Extra"]
[Source "ChessBase"]
[SourceDate "2024.05.31"]
[SourceVersion "1"]
[SourceVersionDate "2024.05.31"]
[SourceQuality "1"]

1. c4 e5 2. e3 Nf6 3. d4 exd4 4. exd4 Bb4+ 5. Nc3 0-0 6. Bd3 d5 7. Nge2 dxc4 8. Bxc4 Bf5 9. 0-0 Nbd7 10. Bg5 Nb6 11. Bb3 h6 12. Bh4 c6 13. h3 Be7 14. Re1 Qd7 15. Ng3 Bg6 16. Bc2 Bxc2 17. Qxc2 Nfd5 18. Bxe7 Nxe7 19. Rad1 Rfe8 20. Nce4 Rad8 21. Nc5 Qc8 22. Re4 Ned5 23. Nf5 Rxe4 24. Qxe4 Nf6 25. Qe5 Nc4 26. Nxh6+ gxh6 27. Qxf6 Rd6 28. Qf4 Rg6 29. Rd3 b6 30. Rf3 Qe8 31. Ne4 Qe7 32. b3 Nd6 33. Nf6+ Kg7 34. Nh5+ Kg8 35. Qe5 Qxe5 36. dxe5 Ne8 37. Rd3 Re6 38. Rd8 Kf8 39. Nf6 Re7 40. f4 c5 41. Kf2 b5 42. Ke3 a5 43. Ke4 1-0

[Event "VIE-ch U13 Girls"]
[Site "Ho Chi Minh City"]
[Date "2022.07.15"]
[Round "7"]
[White "Nguyen, Anh Bao Thy"]
[Black "Le, Tran Minh Nha"]
[Result "1/2-1/2"]
[WhiteElo "2117"]
[BlackElo "2136"]
[PlyCount "104"]
[EventDate "2022.07.11"]
[EventType "swiss"]
[EventRounds "9"]
[EventCountry "VIE"]
[SourceTitle "EXT 2023"]
[Source "ChessBase"]
[SourceDate "2022.10.05"]
[SourceVersion "1"]
[SourceVersionDate "2022.10.05"]
[SourceQuality "1"]

1. e4 c5 2. Nf3 e6 3. d4 cxd4 4. Nxd4 Nf6 5. Bd3 a6 6. 0-0 d6 7. Nc3 Be7 8. Bg5 b5 9. a3 Bb7 10. Nde2 Nbd7 11. f4 0-0 12. Ng3 h6 13. Bh4 Re8 14. Nh5 Nxh5 15. Bxe7 Qxe7 16. Qxh5 Nf6 17. Qe2 g6 18. Qf2 Nd7 19. Rac1 e5 20. f5 Qf6 21. Qg3 g5 22. h4 Kh7 23. hxg5 hxg5 24. Kf2 Kg7 25. Rh1 Rh8 26. Rh3 Rh6 27. Rch1 Rah8 28. Ke3 Kf8 29. Kd2 Qg7 30. Qe3 Rxh3 31. Rxh3 Rxh3 32. gxh3 g4 33. hxg4 Qxg4 34. Qa7 Nc5 35. Qb8+ Kg7 36. Qxd6 Qg5+ 37. Ke1 Qg3+ 38. Kd1 Qg1+ 39. Kd2 Qg5+ 40. Ke1 Qg3+ 41. Ke2 Qg4+ 42. Ke3 Qg3+ 43. Kd2 Qg5+ 44. Kd1 Qg1+ 45. Ke2 Qg4+ 46. Kf2 Qf4+ 47. Ke1 Qg3+ 48. Kd1 Qg1+ 49. Ke2 Qg4+ 50. Kf2 Qf4+ 51. Ke1 Qg3+ 52. Kd1 Qg1+ 1/2-1/2

[Event "VIE-ch U13 Girls"]
[Site "Ho Chi Minh City"]
[Date "2022.07.13"]
[Round "4"]
[White "Mai, Hieu Linh"]
[Black "Nguyen, Anh Bao Thy"]
[Result "1-0"]
[WhiteElo "2144"]
[BlackElo "2117"]
[PlyCount "159"]
[EventDate "2022.07.11"]
[EventType "swiss"]
[EventRounds "9"]
[EventCountry "VIE"]
[SourceTitle "EXT 2023"]
[Source "ChessBase"]
[SourceDate "2022.10.05"]
[SourceVersion "1"]
[SourceVersionDate "2022.10.05"]
[SourceQuality "1"]

1. e4 e5 2. Nf3 Nc6 3. Bc4 Bc5 4. c3 Nf6 5. d3 d6 6. 0-0 0-0 7. Nbd2 Be6 8. Bb5 Bd7 9. Ba4 h6 10. h3 Nh5 11. b4 Bb6 12. b5 Ne7 13. Nxe5 dxe5 14. Qxh5 Be6 15. Qe2 f5 16. Nf3 Ng6 17. exf5 Bxf5 18. Bb3+ Kh8 19. Bc4 Qf6 20. Be3 Bxh3 21. gxh3 Qxf3 22. Qxf3 Rxf3 23. Bd5 Rxh3 24. Kg2 Rh4 25. Rh1 Nf4+ 26. Bxf4 Rxf4 27. f3 c6 28. bxc6 bxc6 29. Be4 Ba5 30. c4 Rc8 31. Rac1 Rf7 32. Rc2 Bb4 33. Rb2 c5 34. Rb3 a5 35. a3 a4 36. Rb2 Bxa3 37. Ra2 Bb4 38. Rxa4 Bc3 39. Rb1 g5 40. Rb6 Kg7 41. Rg6+ Kf8 42. Rxh6 Rcc7 43. Ra8+ Ke7 44. Bd5 Rg7 45. Re6+ Kd7 46. Ree8 Kd6 47. Rad8+ Rcd7 48. Re6+ Kc7 49. Ra8 Rde7 50. Rc6+ Kd7 51. Rh6 Kc7 52. Rhh8 Rd7 53. Rhc8+ Kd6 54. Ra6+ Ke7 55. Re6+ Kf7 56. Ree8+ Kg6 57. Rc6+ Kh5 58. Be6 g4 59. Bxd7 gxf3+ 60. Kxf3 Rxd7 61. Ke2 Bd4 62. Rcc8 Rf7 63. Rh8+ Kg6 64. Rcg8+ Rg7 65. Rxg7+ Kxg7 66. Ra8 Kf6 67. Kf3 Kf5 68. Rf8+ Ke6 69. Ke4 Bc3 70. Ra8 Kf6 71. Ra6+ Kg5 72. Re6 Bd4 73. Rxe5+ Kf6 74. Rd5 Bg1 75. Rh5 Bd4 76. Kd5 Kg6 77. Rh4 Bf2 78. Rh8 Kf7 79. Rc8 Ke7 80. Rxc5 1-0

[Event "VIE-ch U13 Girls"]
[Site "Ho Chi Minh City"]
[Date "2022.07.12"]
[Round "3"]
[White "Nguyen, Anh Bao Thy"]
[Black "Ho, Ngoc Vy"]
[Result "1-0"]
[WhiteElo "2117"]
[BlackElo "2138"]
[PlyCount "89"]
[EventDate "2022.07.11"]
[EventType "swiss"]
[EventRounds "9"]
[EventCountry "VIE"]
[SourceTitle "EXT 2023"]
[Source "ChessBase"]
[SourceDate "2022.10.05"]
[SourceVersion "1"]
[SourceVersionDate "2022.10.05"]
[SourceQuality "1"]

1. e4 e5 2. Nf3 Nc6 3. d4 exd4 4. Bc4 Nf6 5. e5 d5 6. exf6 dxc4 7. fxg7 Bxg7 8. Bg5 Qd6 9. Nbd2 f6 10. Bh4 Be6 11. Ne4 Qe7 12. 0-0 0-0-0 13. Re1 h6 14. Nc5 Qxc5 15. Rxe6 Qf5 16. Qe2 Ne5 17. Rxe5 fxe5 18. Bxd8 Rxd8 19. Qxc4 e4 20. Nd2 e3 21. Nf3 Bf6 22. Qd3 Qf4 23. Qe2 Rf8 24. Rf1 h5 25. Ne1 Bg5 26. Nd3 Qe4 27. fxe3 Bxe3+ 28. Kh1 Re8 29. Qxh5 b6 30. Qf5+ Qxf5 31. Rxf5 c5 32. b3 Bd2 33. g3 Re7 34. Kg2 Kc7 35. g4 Re4 36. h3 a6 37. Re5 Rxe5 38. Nxe5 b5 39. Kf3 Bg5 40. Ke4 a5 41. Kf5 Be7 42. g5 Kd6 43. g6 Bf8 44. Kf6 Kd5 45. Ng4 1-0

[Event "VIE-ch U13 Girls"]
[Site "Ho Chi Minh City"]
[Date "2022.07.11"]
[Round "1"]
[White "Dang, Thu Thuy"]
[Black "Nguyen, Anh Bao Thy"]
[Result "0-1"]
[WhiteElo "2133"]
[BlackElo "2117"]
[PlyCount "112"]
[EventDate "2022.07.11"]
[EventType "swiss"]
[EventRounds "9"]
[EventCountry "VIE"]
[SourceTitle "EXT 2023"]
[Source "ChessBase"]
[SourceDate "2022.10.05"]
[SourceVersion "1"]
[SourceVersionDate "2022.10.05"]
[SourceQuality "1"]

1. e4 e5 2. Nf3 Nc6 3. Bc4 Bc5 4. c3 Nf6 5. d4 exd4 6. cxd4 Bb4+ 7. Bd2 Bxd2+ 8. Nbxd2 d5 9. exd5 Nxd5 10. 0-0 0-0 11. h3 Nb6 12. Bd3 Nxd4 13. Nxd4 Qxd4 14. Qc2 h6 15. Rfd1 Be6 16. Nb3 Qf4 17. Nc5 Bd5 18. a4 Bc6 19. a5 Nd5 20. Be4 Rfd8 21. Qb3 Qe5 22. Re1 Qd4 23. Nxb7 Bxb7 24. Rad1 Qc5 25. Qxb7 c6 26. Bxd5 cxd5 27. b4 Qc8 28. Re7 Qxb7 29. Rxb7 d4 30. Kf1 a6 31. Rb6 Kf8 32. Ke2 f5 33. Kd3 Rd7 34. Rc1 Kf7 35. Rc4 Re7 36. Rxd4 Re1 37. Kd2 Rae8 38. Rf4 R1e2+ 39. Kd3 R2e5 40. Rxa6 Rd8+ 41. Rd4 Rc8 42. f4 Re1 43. b5 Rd1+ 44. Ke3 Re8+ 45. Kf3 Rxd4 46. b6 Rd3+ 47. Kf2 Re7 48. Ra8 Rb7 49. Ke2 Ra3 50. Kd2 Kg6 51. Kc2 Rxb6 52. Ra7 Rb5 53. Ra6+ Kh7 54. Kd2 Rbxa5 55. Rd6 Ra2+ 56. Kd3 Rxg2 0-1